[Event "COL-chT (Women)"]
[Site "Risaralda"]
[Date "2023.11.20"]
[Round "3.4"]
[White "Durango Gomez, Daniela Andrea"]
[Black "Siempira Hurtado, Diana"]
[Result "1-0"]
[WhiteElo "1454"]
[BlackElo "1532"]
[PlyCount "53"]
[EventDate "2023.11.19"]
[EventType "team-swiss"]
[EventRounds "7"]
[EventCountry "COL"]
[SourceTitle "CBM 217 Extra"]
[Source "ChessBase"]
[SourceDate "2024.01.31"]
[SourceVersion "1"]
[SourceVersionDate "2024.01.31"]
[SourceQuality "1"]
[WhiteTeam "Cordoba (W)"]
[BlackTeam "Casanare (W)"]
[WhiteTeamCountry "COL"]
[BlackTeamCountry "COL"]

1. e4 e5 2. Nf3 Nc6 3. c3 Nf6 4. Qc2 Bd6 5. d4 0-0 6. d5 Ne7 7. Bg5 h6 8. Bxf6 gxf6 9. Be2 Ng6 10. Nbd2 Nf4 11. 0-0-0 Nxe2+ 12. Kb1 Nf4 13. Nh4 c6 14. Nf5 Qc7 15. g3 Ng6 16. Nxh6+ Kg7 17. Nf5+ Kh7 18. h4 Rh8 19. g4 Kg8 20. Nc4 Bf8 21. d6 Qd8 22. h5 b5 23. hxg6 Rxh1 24. Rxh1 fxg6 25. Qb3 gxf5 26. Nxe5+ Kg7 27. Qf7# 1-0